| 000 | 00447nam a22001577a 4500 | ||
|---|---|---|---|
| 003 | SGT | ||
| 020 | _a9788173192692 | ||
| 082 | _a512.02,GAL | ||
| 100 | _aJOSEPH A. GALLIAN | ||
| 245 | _aCONTEMPORARY ABSTRACT ALGEBRA | ||
| 260 |
_aNEW DELHI _bNAROSA PUBLISHING HOUSE _c1999 |
||
| 300 | _a853 | ||
| 650 | _a ABSTRACT ALGEBRA | ||
| 700 | _aINTEGERS AND EQUIVALENCE RELATIONS, GROUPS, ISOMORPHISMS, EXTERNAL DIRECT PRODUCTS | ||
| 942 |
_2ddc _cFPS _016 |
||
| 999 |
_c9506 _d9506 |
||